000 01004nab a2200289uuc4500
001 1103620
005 20241213091046.0
008 080917s2008 eng
035 _a1103620
035 _a(OCoLC)820440733
040 _ccomduadb
041 _aeng
100 1 0 _aMunro, Murray J.
_4aut
_eaut
_9346262
245 1 0 _aSegmental acquisition in adult ESL learners : a longitudinal study of vowel production
260 _c2008.
650 _aPhonetics
_9110590
650 7 _aFonética
_2embne
_933426
650 _aVowels
_990123
650 _aVocales
_929551
650 _aEnglish as a second language
_975925
650 _aInglés como segunda lengua
_97375
650 _aResearch in education
_980300
650 _aInvestigación educativa
_94655
700 1 0 _aDerwing, Tracey M.
_4aut
_eaut
_9346263
773 0 _tLanguage Learning : a Journal of Research in Language Studies ( Estados Unidos)
_gVol. 58, No. 03, Sep. 2008, p. 479-502
_w686241
_x0023-8333
_0209019
942 _cARIMP
999 _c479260
_d479260